| 000 | 00432nam a2200169Ia 4500 | ||
|---|---|---|---|
| 003 | GCL | ||
| 008 | 140319s9999 xx 000 0 eng d | ||
| 040 |
_aGCL / _cGCL |
||
| 082 | 0 | 4 |
_aCC _b932 _bP M |
| 100 | 1 | _aPINCH, GERALDINE | |
| 245 | 1 | 0 |
_aMAGIC IN ANCIENT EGYPT / _cPINCH, GERALDINE |
| 260 |
_a[S.N] : _bBRITISH MUSEUM PRESS ، _c1994 |
||
| 300 | _a141 P | ||
| 650 | 0 | 4 | _aRELIGION |
| 650 | 0 | 4 | _aANCIENT EGYPT |
| 942 |
_2ddc _cBK |
||
| 999 |
_c25084 _d25084 |
||